000 00553nam a2200241Ia 4500
005 20260306150645.0
008 008 260114s9999 xx 000 0 eng d
020 _a9782759834587
037 _aEbook
040 _aCRL
040 _beng
040 _cCRL
041 _2eng
041 _aeng
084 _qCRL
245 0 _aAtomic Clusters
260 _bEDP Sciences
260 _c2024
650 _aMaterials Sciences
_91124033
856 _uhttps://www.degruyter.com/isbn/9782759834587
942 _cEBOOK
999 _c1698530
_d1698530